Entry Personal Name
001 - CONTROL NUMBER
- control field: 6956
003 - CONTROL NUMBER IDENTIFIER
- control field: AM-YEHGA
005 - DATE AND TIME OF LATEST TRANSACTION
- control field: 20250617070511.0
008 - FIXED-LENGTH DATA ELEMENTS
- fixed length control field: 151020|| aca||aabn | a|a d
040 ## - CATALOGING SOURCE
- Original cataloging agency: AM-YEHGA
100 1# - HEADING--PERSONAL NAME
- Personal name: Հովհաննիսյան, Ռիչարդ Գասպարի,
- Dates associated with a name: 1932-2023
370 ## - ASSOCIATED PLACE
- Place of birth: Թուլերի, Կալիֆորնիա, ԱՄՆ
372 ## - FIELD OF ACTIVITY
- Field of activity: Պատմագիտություն
374 ## - OCCUPATION
- Occupation: Պատմաբան
375 ## - GENDER
- Gender: Արական
377 ## - ASSOCIATED LANGUAGE
- Language code: engarm
400 1# - SEE FROM TRACING--PERSONAL NAME
- Personal name: Հովհաննիսյան, Ռիչարդ (Տիգրան) Գասպարի,
- Dates associated with a name: 1932-2023
400 1# - SEE FROM TRACING--PERSONAL NAME
- Personal name: Հովհաննիսյան, Ռ.Գ.
- Fuller form of name: (Ռիչարդ Գասպարի),
- Dates associated with a name: 1932-2023
400 0# - SEE FROM TRACING--PERSONAL NAME
- Personal name: Ռիչարդ Հովհաննիսյան,
- Dates associated with a name: 1932-2023
400 1# - SEE FROM TRACING--PERSONAL NAME
- Personal name: Оганнисян, Ричард (Тигран) Гаспарович,
- Dates associated with a name: 1932-2023
400 1# - SEE FROM TRACING--PERSONAL NAME
- Personal name: Ованнисян, Ричард Г.,
- Dates associated with a name: 1932-2023
400 0# - SEE FROM TRACING--PERSONAL NAME
- Personal name: Ричард Гейбл Ованнисян,
- Dates associated with a name: 1932-2023
400 1# - SEE FROM TRACING--PERSONAL NAME
- Personal name: Hovannisian, Richard G.,
- Dates associated with a name: 1932-2023
400 0# - SEE FROM TRACING--PERSONAL NAME
- Personal name: Richard Gable Hovhannisian,
- Dates associated with a name: 1932-2023
400 1# - SEE FROM TRACING--PERSONAL NAME
- Personal name: Hovannisian, R.G.
- Fuller form of name: (Richard Gaspari),
- Dates associated with a name: 1932-2023
670 ## - SOURCE DATA FOUND
- Uniform Resource Identifier: <a href="http://hy.wikipedia.org/wiki/Ռիչարդ_Հովհաննիսյան" target="_blank">Վիքիպեդիա</a>
670 ## - SOURCE DATA FOUND
- Source citation: Ով ով է. Հայեր, Կենսագրական հանրագիտարան, հտ. 1-ին.- Ե., 2005, էջ 675 :
- Information found: Հովհաննիսյան Ռիչարդ (Տիգրան) Գասպարի (ծ. 9.11.1932, Թուլերի) պատմաբան: Պատմ. գիտ. դ-ր (1966), ՀՀԳԱԱ արտասահմ. անդամ (1990): Րաֆֆի Հովհաննիսյանի հայրը:
670 ## - SOURCE DATA FOUND
- Source citation: Հայաստանի Հանրապետություն.- Ե., 2005 :
- Information found: տիտղթ. (Ռ.Գ. Հովհաննիսյան)
ՀՀ Գիտությունների ազգային ակադեմիայի հիմնարար գիտական գրադարան = Fundamental Scientific Library of NAS RA
All site content, except where otherwise noted, is licensed under a